| 000 | 00370 a2200109 4500 | ||
|---|---|---|---|
| 001 | ART_55169 | ||
| 005 | 20260410161823.0 | ||
| 008 | 260409a | ||
| 245 | 1 | 0 | _aViabilidad del beneficio de condonación de multa a la luz de la ley 27541 |
| 100 | 1 | _aBello, Alberto M. | |
| 773 | 0 |
_tDoctrina Penal Tributaria y Económica _g- N° 62 (dic. 2021) _wREV4317 |
|
| 999 |
_c22499 _d22499 |
||